| 000 | 01455nam a2200349 c 4500 | ||
|---|---|---|---|
| 003 | BLK | ||
| 005 | 20250726100136.0 | ||
| 008 | 180408b bul|||||r ||||||| ||bul|| | ||
| 010 | _aKNG00043040000 | ||
| 020 |
_a978-954-2958-07-9 _bиздат.: Enthusiast |
||
| 040 | _aBLK | ||
| 041 |
_aBUL _cBUL |
||
| 072 | 7 |
_2bullib _aН83 _xЧужда художествена литература Н |
|
| 080 |
_aИрландска литература (на Ейре) на английски език (вж и 821.152.1) _b821.111(417) _x-31 _z821.111(417)-31 |
||
| 100 | 1 |
_aДжес-Кук, Каролин _eпърви автор _9276785 |
|
| 700 | 1 |
_aДавидова, Теодора _eпрев. _9366396 |
|
| 139 |
_aДжес-Кук, Каролин _bД 51 |
||
| 245 | 1 | 0 |
_aДневникът на един ангел хранител _bРоман _cКаролин Джес-Кук; прев. Теодора Давидова. |
| 257 | _aGBR | ||
| 260 |
_аСофия _bEnthusiast _c2011 _fКостинброд : Мултипринт |
||
| 300 |
_a316 с. _c21 см |
||
| 380 | _aX | ||
| 500 | _aОриг. загл. The Guardian Angel's Journal / Carolyn Jess-Cook. | ||
| 653 | _aромани | ||
| 659 | _aН | ||
| 852 | _aЦб 253994 | ||
| 856 | 4 |
_qpdf _u |
|
| 856 | 4 |
_qpdf _u |
|
| 942 |
_cKNG _n0 _019 |
||
| 944 |
_aCR _c15.12.2011 _lМартин Енчев _k30575 |
||
| 944 |
_aED _c16.03.2015 _lф / _kЛюдмила_Стоянова |
||
| 999 |
_c39672 _d39672 |
||